| 000 | 00584nam a22001697a 4500 | ||
|---|---|---|---|
| 082 | _a005 | ||
| 100 | _aTahir, Ghalib Ahmed | ||
| 245 |
_aDynamically Scaling and Reconfiguring IAAS cloud platforms using a multi-agent system / _cGhalib Ahmed Tahir. |
||
| 260 |
_aIslamabad: _bSEECS - NUST, _c2015. |
||
| 300 |
_a125 p.: ill,; _c30cm. |
||
| 650 |
_aMS Thesis. _918721 |
||
| 700 |
_aDr. Peter BloodsWorth _920177 |
||
| 856 | _uhttp://10.250.8.41:8080/xmlui/handle/123456789/32211 | ||
| 942 |
_2ddc _cTHE |
||
| 999 |
_c528392 _d528392 |
||